000 00468nam a2200157 a 4500
001 000041664
005 20201002035708.0
008 131015s1968 sp 000 0 spa d
040 _aDO-SdBNP
_bspa
_cBNPHU
082 _axxx
_bxxxx
245 0 3 _aLa limitación de nacimientos :
_bproblemas de la población.
260 _aBarcelona, España :
_bEstela,
_c1968.
300 _a526 p. ;
_c20 cm.
490 1 _aCristianismo y tiempo
830 0 _aCristianismo y tiempo
_968455
999 _c41154
_d41154